| 000 | 00491nam a22001937a 4500 | ||
|---|---|---|---|
| 003 | CEME | ||
| 005 | 20210628210648.0 | ||
| 008 | 210211b xxu||||| |||| 00| 0 eng d | ||
| 020 | _a0-19-511941-X | ||
| 040 | _c. | ||
| 082 | _a658.4012 OST | ||
| 100 |
_aOster, Sharon.M _980400 |
||
| 245 | _aModern competitive analysis | ||
| 250 | _a3RD | ||
| 260 |
_aNEW YORK _bOXFORD UNIVERSITY PRESS _c1999 |
||
| 300 | _a444P | ||
| 650 |
_aCOMPETITION STRATEGIC PLANNING _980401 |
||
| 942 |
_cBK _2ddc |
||
| 999 |
_c585343 _d585343 |
||